Business communication today / (Record no. 1575)

000 -LEADER
fixed length control field 01730cam a22003258i 4500
001 - CONTROL NUMBER
control field 17708185
003 - CONTROL NUMBER IDENTIFIER
control field OSt
005 - DATE AND TIME OF LATEST TRANSACTION
control field 20150323160816.0
008 - FIXED-LENGTH DATA ELEMENTS--GENERAL INFORMATION
fixed length control field 130423s2014 mau b 001 0 eng
010 ## - LIBRARY OF CONGRESS CONTROL NUMBER
LC control number 2013016204
020 ## - INTERNATIONAL STANDARD BOOK NUMBER
International Standard Book Number 9780132971294 (alk. paper)
040 ## - CATALOGING SOURCE
Original cataloging agency DLC
Language of cataloging eng
Transcribing agency DLC
Description conventions rda
042 ## - AUTHENTICATION CODE
Authentication code pcc
043 ## - GEOGRAPHIC AREA CODE
Geographic area code n-us---
050 00 - LIBRARY OF CONGRESS CALL NUMBER
Classification number HF5718.B66 2014
082 00 - DEWEY DECIMAL CLASSIFICATION NUMBER
Classification number 658.4/5
Edition number 23
100 1# - MAIN ENTRY--PERSONAL NAME
Personal name Bovée, Courtland L.
245 10 - TITLE STATEMENT
Title Business communication today /
Statement of responsibility, etc Courtland L. Bovée, John V. Thill.
250 ## - EDITION STATEMENT
Edition statement Twelfth edition.
263 ## - PROJECTED PUBLICATION DATE
Projected publication date 1111
300 ## - PHYSICAL DESCRIPTION
Extent pages cm
504 ## - BIBLIOGRAPHY, ETC. NOTE
Bibliography, etc Includes bibliographical references and index.
505 0# - FORMATTED CONTENTS NOTE
Formatted contents note Achieving success through effective business communication -- Mastering team skills and interpersonal communication -- Communicating in a world of diversity -- Planning business messages -- Writing business messages -- Completing business messages -- Electronic media -- Visual media -- Writing routine and positive messages -- Writing negative messages -- Writing persuasive messages -- Finding, evaluating, and processing information -- Planning reports and proposals -- Writing and completing reports and proposals -- Developing oral and online presentations -- Enhancing presentations with slides and other visuals -- Building careers and writing résumés -- Applying and interviewing for employment.
650 #0 - SUBJECT ADDED ENTRY--TOPICAL TERM
Topical term or geographic name as entry element Business communication
Geographic subdivision United States
Form subdivision Case studies.
650 #0 - SUBJECT ADDED ENTRY--TOPICAL TERM
Topical term or geographic name as entry element Communication in organizations
Geographic subdivision United States
Form subdivision Case studies.
700 1# - ADDED ENTRY--PERSONAL NAME
Personal name Thill, John V.
906 ## - LOCAL DATA ELEMENT F, LDF (RLIN)
a 0
b vip
c orignew
d 1
e ecip
f 20
g y-gencatlg
942 ## - ADDED ENTRY ELEMENTS (KOHA)
Source of classification or shelving scheme
Koha item type Book
Holdings
Withdrawn status Lost status Source of classification or shelving scheme Damaged status Not for loan Home library Current library Shelving location Date acquired Total Checkouts Total Renewals Full call number Barcode Date last seen Date checked out Copy number Price effective from Koha item type Checked out
          Riara University Library Riara University Library General stack 23/03/2015 20 4 HF5718.B66 2014 5400/15 23/09/2019 20/09/2019 C.1 23/03/2015 Book  
          Riara University Library Riara University Library General stack 23/03/2015 21 1 HF5718.B66 2014 5401/15 28/02/2019 25/02/2019 C.2 23/03/2015 Book  
          Riara University Library Riara University Library General stack 23/03/2015 3 1 HF5718.B66 2014 5402/15 01/07/2015 01/07/2015 C.3 23/03/2015 Book 03/08/2015

Riara University Library,
P.O. Box 49940-00100,
Nairobi, Kenya.